Wirtschaftsethik : Grundlagen in theologischer Perspektive / Arthur Rich.
Record details
- ISBN: 3-579-00197-3
- Physical Description: 270 s.
- Edition: 2., durchgesehene Aufl.
- Publisher: Gütersloh : Gerd Mohn , 1985
Content descriptions
| Formatted Contents Note: | [1] Grundlagen in theologischer Perspektive. -- Bd. 2. Marktwietscharft, Planwirtschaft, Weltwirtschaft aus sozialethischer Sicht. 1 Aufl., 1990. |
Search for related items by subject
| Subject: | Morale des affaires. Economie politique > Aspect moral. Economie politique > Aspect religieux > Christianisme. |
Available copies
- 1 of 1 copy available at Common Catalog SPOK.
Holds
- 0 current holds with 1 total copy.
Show Only Available Copies
| Location | Call Number / Copy Notes | Barcode | Shelving Location | Status | Due Date |
|---|---|---|---|---|---|
| ETS Library | 261.85 | 424470014813 | Volný výběr | Available | - |
| LDR | 01029cam a2200289ua 4500 | ||
|---|---|---|---|
| 001 | 39435 | ||
| 003 | CZ-PrJAB | ||
| 005 | 20160807140411.0 | ||
| 008 | 860429m19859999gw e 00 0 ger c | ||
| 020 | . | ‡a3-579-00197-3 ‡z3579001981 (Bd. 2) | |
| 035 | . | ‡a(CONS)12177 | |
| 035 | . | ‡a(CaOOAMICUS)000018187698 | |
| 040 | . | ‡aCaQMU ‡bfre | |
| 050 | 4. | ‡aHF5387 | |
| 082 | . | ‡a261.85 | |
| 100 | 1 | . | ‡aRich, Arthur, ‡d1910-1992. |
| 245 | 1 | 0. | ‡aWirtschaftsethik : Grundlagen in theologischer Perspektive / ‡cArthur Rich. |
| 250 | . | ‡a2., durchgesehene Aufl. | |
| 260 | . | ‡aGütersloh : ‡bGerd Mohn , ‡c1985 | |
| 300 | . | ‡a270 s. | |
| 505 | 1 | . | ‡a[1] Grundlagen in theologischer Perspektive. -- Bd. 2. Marktwietscharft, Planwirtschaft, Weltwirtschaft aus sozialethischer Sicht. 1 Aufl., 1990. |
| 650 | 6. | ‡aMorale des affaires. | |
| 650 | 6. | ‡aEconomie politique ‡xAspect moral. | |
| 650 | 6. | ‡aEconomie politique ‡xAspect religieux ‡xChristianisme. | |
| 852 | 4 | . | ‡bETS ‡bETS ‡cVolný výběr ‡j261.85 ‡p424470014813 ‡y$50.00 |
| 866 | 0. | ‡91 ‡a#Bd.1-2 | |
| 910 | . | ‡aABG450 | |
| 999 | . | ‡a12177 ‡c12177 ‡tbiblio | |
| 905 | . | ‡uadmin | |
| 901 | . | ‡a39435 ‡b ‡c39435 ‡tbiblio ‡sets | |